Los principios de la química física /

Guardado en:
书目详细资料
主要作者: Perrin, Jean (autor)
格式: 图书
语言:西班牙语
出版: Buenos Aires, Argentina : Espasa-Calpe, 1948, c1948
主题:
标签: 添加标签
没有标签, 成为第一个标记此记录!

MARC

LEADER 00000nam^a2200000^a^4500
001 000064742
005 20250521000000.0
009 20260310091113.503
037 |a Acervo ITESO - Biblioteca 
041 |a ESP 
082 |a 541. 3  |b PER 
100 |a Perrin, Jean  |e (autor) 
245 1 4 |a Los principios de la química física /  |c J. Perrin ; tr. por Carlos E. Prélat. 
264 4 |a Buenos Aires, Argentina :  |b Espasa-Calpe,  |c 1948, c1948 
300 |a 314 p. 
336 |a texto  |b txt  |2 rdacontenido 
337 |a sin mediación  |b n  |2 rdamedio 
338 |a volumen  |b nc  |2 rdasoporte 
500 |a Traducción de: Traité de chime physique. Les principes 
649 |a XX 
650 |a Termodinámica 
650 |a Fisicoquímica 
910 |a Fondo General 
920 |a Impresos - Libros 
930 |a Colección General 
905 |a 101 
901 |a 0500018882  |b IT1  |c ACC  |u 20250521 
902 |a https://opac.biblio.iteso.mx/vufind/Record/000064742